| 000 | 01195nam a2200229Ia 4500 | ||
|---|---|---|---|
| 999 |
_c50570 _d50570 |
||
| 001 | 17520 | ||
| 003 | GE_BSU | ||
| 005 | 20200227164627.0 | ||
| 008 | 181216s1959 xx |||||||||||||| ||geo|| | ||
| 040 | _cGE_BSU | ||
| 041 | _ageo | ||
| 080 | _a821.353.1-1+ 821.353.1-32 ნ 67 | ||
| 100 |
_aნინოშვილი, ეგნატე. _97589 |
||
| 245 |
_aთხზულებათა სრული კრებული ორ ტომად:ტომი I : _bმოთხრობები / _cეგნატე ნინოშვილი ; გ. ქიქოძის შესავალი წერილით ;რედ. გ. ციცქიშვილი ; მხატვ : ლ. გრიგოლია. |
||
| 264 |
_aთბილისი : _bსაბჭ.საქართველო, _c1959. |
||
| 300 |
_a435 გვ.; _b1ფ.პორტრ. _c21 სმ. |
||
| 653 | _aმოთხრობები | ||
| 653 | _aქართული ლიტერატურა | ||
| 700 |
_aციცქიშვილი, გ _eრედაქტორი _97590 |
||
| 700 |
_aგრიგოლია, ლ _eმხატვარი _97591 |
||
| 942 |
_cBK _2udc |
||